Gastroenterológia hepatológia odborná príloha Lekárskych novín

Bibliographic Details
Other Authors: Kolesárová, Karolína (Publishing director)
Format: Serial
Language:Slovak
Published: Modra VEEVENT s.r.o. 2021-
ISSN:2585-9595
Subjects:
Online Access:https://lekarskenoviny.sk/index.php/odborne-prilohy/gastroenterologia-hepatologia/

MARC

LEADER 00000cas a2200000 a 4500
001 vtls012083562
003 SK-MaSNL
005 20260228164038.0
008 220117c20219999xo zr 0 0slo
022 |a 2585-9595 
040 |a SNK  |b slo  |c SNK  |e AACR2 
041 |a slo 
044 |a xo  |c SK 
072 7 |a 616  |x Patológia. Klinická medicína  |2 konspekt 
080 |a 616.1/.6  |2 2011 
080 |a 616.36  |2 2011 
080 |a (051)-027.561  |2 2011 
080 |a 616.32/.37  |2 2011 
245 0 0 |a Gastroenterológia hepatológia  |b odborná príloha Lekárskych novín 
246 3 3 |a Gastroenterológia hepatológia 
260 |a Modra  |b VEEVENT s.r.o.  |c 2021- 
310 |a Premenlivá periodicita 
362 0 |a Roč. 1, č. 1 (nov. 2021)-  |z SKP 
500 |a EV 5695/18 
500 |a Šéfredaktorka: 2021-, Karolína Kolesárová 
650 0 7 |a interná medicína  |2 SNKPH  |9 905 
650 0 7 |a gastroenterológia  |2 SNKPH  |9 1164 
650 0 7 |a hepatológia  |2 SNKPH  |9 15543 
700 1 |a Kolesárová, Karolína  |4 pbd  |9 266187 
772 0 |t Lekárske noviny  |x 2585-9595 
856 4 1 |u https://lekarskenoviny.sk/index.php/odborne-prilohy/gastroenterologia-hepatologia/ 
910 |a snk 
999 |c 12092  |d 14022 
952 |0 0  |1 0  |4 0  |7 0  |8 0  |a SNK  |b SNK  |d 2023-10-17  |i snk2023/14967  |l 0  |o snkČSB 7828/1/2021  |p 17A1521837  |r 2026-02-21 19:52:02  |t č. 1  |w 2026-02-21  |y PREZ  |z V tiráži má uvedený ročník II. 
952 |0 0  |1 0  |4 0  |7 0  |8 0  |a SNK  |b SNK  |d 2023-10-17  |i snk2023/14970  |l 0  |o snkČSB 7828/1/2021 D1  |p 17A1521838  |r 2026-02-21 19:52:02  |t č. 1  |w 2026-02-21  |y PREZ  |z V tiráži má uvedený ročník II.